书目信息 |
| 题名: |
城市管理的成功之道
|
|
| 作者: | 鲍威尔 著 ;姜杰 , 孙倩 译 | |
| 分册: | ||
| 出版信息: | 北京 北京大学出版社 2008.02 |
|
| 页数: | 150页 | |
| 开本: | 23cm | |
| 丛书名: | 未名社科·城市管理名著译丛 | |
| 单 册: | ||
| 中图分类: | F293 | |
| 科图分类: | ||
| 主题词: | 城市管理--cheng shi guan li | |
| 电子资源: | ||
| ISBN: | 978-7-301-13358-3 | |
| 000 | 01193nam 2200289 450 | |
| 001 | 012008268536 | |
| 005 | 20080421104610.87 | |
| 010 | @a978-7-301-13358-3@dCNY20.00 | |
| 100 | @a20080419d2008 em y0chiy0120 ea | |
| 101 | 1 | @achi@ceng |
| 102 | @aCN@b110000 | |
| 105 | @aa z 000yy | |
| 106 | @ar | |
| 200 | 1 | @a城市管理的成功之道@Acheng shi guan li de cheng gong zhi dao@f(美) 奥威尔·鲍威尔著@F(mei)ao wei er·bao wei er zhu@d= City management:keys to success@fOrville W.Powell@g姜杰, 孙倩译@Gjiang jie,sun qian yi@zeng |
| 210 | @a北京@c北京大学出版社@d2008.02 | |
| 215 | @a150页@c图@d23cm | |
| 225 | 2 | @a未名社科·城市管理名著译丛@Awei ming she ke·cheng shi guan li ming zhu yi cong |
| 330 | @a本书内容包括:政府议会经理制的历史,如何成为市经理,获得第一份市经理工作,全新的市经理职位,持久而又成功的事业等。 | |
| 410 | 0 | @12001 @a未名社科·城市管理名著译丛 |
| 500 | 10 | @aCity management: keys to success@mChinese |
| 606 | 0 | @a城市管理@Acheng shi guan li |
| 690 | @aF293@v4 | |
| 701 | 1 | @a鲍威尔@Abao wei er@g(Powell, Orville W.)@4著 |
| 702 | 0 | @a姜杰@Ajiang jie@4译 |
| 702 | 0 | @a孙倩@Asun qian@4译 |
| 801 | 0 | @aCN@bQSSK@c20080421 |
| 905 | @b294516-18@dF293@eB307@f3 | |
| 城市管理的成功之道/(美) 奥威尔·鲍威尔著= City management:keys to success/Orville W.Powell/姜杰, 孙倩译.-北京:北京大学出版社,2008.02 |
| 150页:图;23cm.-(未名社科·城市管理名著译丛) |
| ISBN 978-7-301-13358-3:CNY20.00 |
| 本书内容包括:政府议会经理制的历史,如何成为市经理,获得第一份市经理工作,全新的市经理职位,持久而又成功的事业等。 |
| ● |
| 相关链接 |
|
|
|
正题名:城市管理的成功之道
索取号:F293/B307
 
预约/预借
| 序号 | 登录号 | 条形码 | 馆藏地/架位号 | 状态 | 备注 |
| 1 | 294516 | 202945162 | 社科库409/409社科库 105排2列4层/ [索取号:F293/B307] | 在馆 | |
| 2 | 294517 | 202945171 | 社科库409/409社科库 105排2列4层/ [索取号:F293/B307] | 在馆 | |
| 3 | 294518 | 202945180 | 社科二线422/409社科库 102排7列1层/ [索取号:F293/B307] | 在馆 |